Aruba : EIU country report :
| Format: | Book |
|---|---|
| Published: |
London:
The Economist Intelligence Unit,
2007.
|
| Subjects: |
| LEADER | 00427cam a2200133 7i4500 | ||
|---|---|---|---|
| 001 | 0000020872 | ||
| 005 | 20080305090000.0 | ||
| 090 | 0 | 0 | |a ARUB 330.9 |b ARU |
| 245 | 0 | 0 | |a Aruba : |b EIU country report : |b EIU country report : |b September 2007. |
| 260 | 0 | 0 | |a London: |b The Economist Intelligence Unit, |c 2007. |
| 300 | # | # | |a 20 p. |
| 650 | 0 | 0 | |a Aruba -- |x Country report |
| 651 | 0 | 0 | |a Aruba |
| 999 | |a B000021085 |b Book |c Countries |e Business Information Centre | ||